000 00517nam a22001697a 4500
003 MACL
005 20160518170211.0
008 160518b xxu||||| |||| 00| 0 eng d
040 _cMACL
041 _aHindi
082 _a891.433
100 _aकमल, कपूर
_919913
245 _aअम्‍मा का चश्‍मा
_cकमल कपूर
260 _aदिल्‍ली
_bकल्‍याणी शिक्षा परिषद
_c2009
650 _aStory
_958072
942 _2ddc
_cHIN
999 _c54027
_d54027